<?xml version="1.0" encoding="UTF-8"?><?xml-stylesheet type="text/xsl" href="static/style.xsl"?><OAI-PMH xmlns="http://www.openarchives.org/OAI/2.0/" xmlns:xsi="http://www.w3.org/2001/XMLSchema-instance" xsi:schemaLocation="http://www.openarchives.org/OAI/2.0/ http://www.openarchives.org/OAI/2.0/OAI-PMH.xsd"><responseDate>2026-04-17T20:09:31Z</responseDate><request verb="GetRecord" identifier="oai:riubu.ubu.es:10259/7748" metadataPrefix="marc">https://riubu.ubu.es/oai/request</request><GetRecord><record><header><identifier>oai:riubu.ubu.es:10259/7748</identifier><datestamp>2023-07-11T00:05:27Z</datestamp><setSpec>com_10259_5088</setSpec><setSpec>com_10259_2728</setSpec><setSpec>col_10259_2757</setSpec></header><metadata><record xmlns="http://www.loc.gov/MARC21/slim" xmlns:doc="http://www.lyncode.com/xoai" xmlns:xsi="http://www.w3.org/2001/XMLSchema-instance" xmlns:dcterms="http://purl.org/dc/terms/" xsi:schemaLocation="http://www.loc.gov/MARC21/slim http://www.loc.gov/standards/marcxml/schema/MARC21slim.xsd">
<leader>00925njm 22002777a 4500</leader>
<datafield tag="042" ind1=" " ind2=" ">
<subfield code="a">dc</subfield>
</datafield>
<datafield tag="720" ind1=" " ind2=" ">
<subfield code="a">Griñolo Almagro, Jose</subfield>
<subfield code="e">author</subfield>
</datafield>
<datafield tag="520" ind1=" " ind2=" ">
<subfield code="a">La personalidad de cada ser humano es única. Los agentes que influyen en ella son una&#xd;
fuente clave para la adquisición de unos valores éticos y morales. En el presente estudio&#xd;
se analiza las actitudes hacia la igualdad de género entre progenitores y descendientes y,&#xd;
posteriormente, se conoce qué tipo de conexión se establece entre ambas generaciones&#xd;
sobre los estereotipos de género. La metodología utilizada ha sido mixta compuesta por&#xd;
dos tipos de análisis: cuantitativo y cualitativo. El primero de ellos a través de una&#xd;
encuesta titulada “Cuestionario de Actitudes hacia la Igualdad de Género (CAIG)”, la&#xd;
cual se ha analizado a través del programa estadístico SPSS obteniendo algunas&#xd;
conexiones en algunos ámbitos, pero no en su totalidad. Por otro lado, la segunda&#xd;
herramienta ha sido una entrevista en profundidad, examinada con el software Atlas.ti 9.&#xd;
Las personas entrevistadas han sido una madre y su hija, quienes han demostrado sus&#xd;
testimonios sobre los estereotipos de género. Esta investigación concluye que, entre la&#xd;
progenitora y su descendiente, existe poca influencia y aboga más por el dominio de los&#xd;
sectores externos y del “propio yo” como principal agente influenciador.</subfield>
</datafield>
<datafield tag="024" ind2=" " ind1="8">
<subfield code="a">http://hdl.handle.net/10259/7748</subfield>
</datafield>
<datafield ind1=" " ind2=" " tag="653">
<subfield code="a">Progenitora</subfield>
</datafield>
<datafield ind1=" " ind2=" " tag="653">
<subfield code="a">Descendiente</subfield>
</datafield>
<datafield ind1=" " ind2=" " tag="653">
<subfield code="a">Prejuicio</subfield>
</datafield>
<datafield ind1=" " ind2=" " tag="653">
<subfield code="a">Estereotipo</subfield>
</datafield>
<datafield ind1=" " ind2=" " tag="653">
<subfield code="a">Influencia</subfield>
</datafield>
<datafield tag="245" ind1="0" ind2="0">
<subfield code="a">Conexión intergeneracional sobre los prejuicios y los estereotipos de género</subfield>
</datafield>
</record></metadata></record></GetRecord></OAI-PMH>